| 000 | 00390cam a2200169ua 4500 | ||
|---|---|---|---|
| 020 | _cRs.15/- | ||
| 041 |
_aeng _h |
||
| 082 |
_a330.0162 _bTHU/ EN |
||
| 100 | _aH.G. Thuesen, W.J. Fabryckr . | ||
| 245 | _aEngineering economy | ||
| 260 |
_aIndia : _bPrentice hall , _c1964. |
||
| 300 | _a525 ; . | ||
| 365 | _aRs.15/- | ||
| 504 | _a | ||
| 942 | _cBK | ||
| 999 |
_c11176 _d11176 |
||